Statistics for Shrek Characters

Click here to take the quiz!

General Stats

  • This quiz has been taken 352 times
  • The average score is 7 of 11

Answer Stats

Actor/ActressCharacter DescriptionCharacter% Correct
Mike MyersAn ogre who lives in a swampShrek
100%
Eddie MurphyAn annoying, talking donkeyDonkey
98%
Cameron DiazA princess who has a spell that makes her become an ogre at nightFiona
96%
Conrad Vernon"Run, run, run, as fast as you can!"Gingy
72%
Cody CameronThe puppet who wants to be a real boyPinocchio
71%
Aron Warner"I'll huff, and I'll puff, and I'll blow your house down!"Big Bad Wolf
60%
Simon J. SmithThe three rodents who have glasses and a caneThree Blind Mice
60%
Chris MillerThe reflecting object who gives Faarquad three princesses to choose fromMagic Mirror
57%
Cody CameronThe swine in the blue, yellow, and green hatsThree Little Pigs
47%
John LithgowThe lord of Duloc who is very shortLord Faarquad
40%
Vincent CasselThe French version of Robin HoodMonsieur Hood
6%

Score Distribution

Percentile by Number Answered

Percent of People with Each Score

Your Score History

You have not taken this quiz